Lapses from Full Employment

Uložené v:
Podrobná bibliografia
Hlavný autor: Pigou, A.C
Médium: Kniha
Jazyk:English
Vydavateľské údaje: London MacMillan and Co. Lim. 1945
Vydanie:1. ed.
Tagy: Pridať tag
Žiadne tagy, Buďte prvý, kto otaguje tento záznam!

MARC

LEADER 00000nam a2200000 4500
001 c030910
005 20221220102104.8
041 0 |a eng 
044 |a GB 
245 1 0 |a Lapses from Full Employment  |c A.C. Pigou 
250 |a 1. ed. 
264 1 |a London  |b MacMillan and Co. Lim.  |c 1945 
300 |a 72 s. 
100 1 |a Pigou, A.C.